Répliques de La Flamme - Statistiques

Statistiques générales
  • Ce quiz a été pris 342 fois
  • Le résultat moyen est 4 sur 8
Statistiques - réponses
Hint Réponse % Correct
Très bien, alors qu'est-ce qu'on fait maintenant ? Je sais pas. Alors que moi je sais
71%
Bienvenu dans la flamme
71%
Mais tout le monde est lesbienne Marina
71%
Je mérite d'être aimé
66%
Hiiiiiiiii ! Arrêtez de me filmer en train de pleurer
57%
Illettré : c'est un mot italien qui veut dire homme de lettres
35%
Encore trop tard Alexandra
21%
Vous savez en tant que pilote j'ai quand même parcouru plus de 400 pays, j'ai fait plus de 8 continents
16%
Aucun quiz correspondant
Distribution des résultats
% des personnes avec chaque résultat
Percentile par nombre de réponses
Votre historique - résultats
Vous n’avez pas pris ce quiz